000 00790nam a2200265 i 4500
001 15257
003 ES-MaACL
005 20230906151027.0
007 t|
008 000210s1999 sp ||||0| spa j
020 _a84-89846-70-7
040 _aM-BN
_bspa
_cM-BN
080 _a821.111-31"18"
100 1 _aCollins, Wilkie.
_939744
245 1 3 _aLa pobre señorita Finch
_b: un relato doméstico /
_cWilkie Collins ; traducción, Miguel Martínez-Lage.
250 _a1ª ed.
260 _aBarcelona :
_bAlba Editorial,
_c1997.
300 _a692 p. ;
_c21 cm.
490 1 _aAlba clásica ;
_v26
700 1 _aMartínez-Lage, Miguel.
_978171
830 0 _aAlba clásica ;
_v26
_9179792
852 _aES-MaACL
_jL-22661
_bR.127891
999 _c15257
_d15257